Southville International School and Colleges
Your cart is empty.
  • Cart
  • Lists
    Public lists Eva Luna New books Lux_list list_1
    Your lists Log in to create your own lists
  • Log in to your account
  • Your cookies
  • Search history
Southville International School and Colleges
  • Advanced search
  • Recent comments
  • Most popular
  • Libraries

Log in to your account

Log in with GOOGLE


If you do not have an external account, but do have a local account, you can still log in:

  1. Home
  2. MARC view: The ready refernces handbook /
Normal view MARC view ISBD view

The ready refernces handbook / (Record no. 7338)

[ view plain ]
MARC details
000 -LEADER
fixed length control field 00676nam a22002297a 4500
003 - CONTROL NUMBER IDENTIFIER
control field OSt
005 - DATE AND TIME OF LATEST TRANSACTION
control field 20140310181930.0
008 - FIXED-LENGTH DATA ELEMENTS--GENERAL INFORMATION
fixed length control field 130722t xxu||||| |||| 00| 0 eng d
020 ## - INTERNATIONAL STANDARD BOOK NUMBER
International Standard Book Number 0205159060
050 ## - LIBRARY OF CONGRESS CALL NUMBER
Classification number PE 1408
Item number .D595 1997
082 ## - DEWEY DECIMAL CLASSIFICATION NUMBER
Classification number TR 808.42
Item number D595 1997
100 ## - MAIN ENTRY--PERSONAL NAME
Personal name Dodds, Jack
9 (RLIN) 2675
245 ## - TITLE STATEMENT
Title The ready refernces handbook /
Statement of responsibility, etc Jack Dodds
260 ## - PUBLICATION, DISTRIBUTION, ETC. (IMPRINT)
Place of publication, distribution, etc London :
Name of publisher, distributor, etc Allyn & Bacon,
Date of publication, distribution, etc c1997.
300 ## - PHYSICAL DESCRIPTION
Extent 419 p.
Dimensions 22 cm.
521 ## - TARGET AUDIENCE NOTE
Target audience note
541 ## - IMMEDIATE SOURCE OF ACQUISITION NOTE
-- 1
562 ## - COPY AND VERSION IDENTIFICATION NOTE
Number of copies 1
650 ## - SUBJECT ADDED ENTRY--TOPICAL TERM
Topical term or geographic name as entry element English language
General subdivision Rhetoric
-- Handbooks,manuals,etc.
9 (RLIN) 2676
650 ## - SUBJECT ADDED ENTRY--TOPICAL TERM
Topical term or geographic name as entry element English language
General subdivision Grammar
-- Handbooks, manuals, etc.
9 (RLIN) 2677
942 ## - ADDED ENTRY ELEMENTS (KOHA)
Source of classification or shelving scheme Library of Congress Classification
Koha item type
Call number prefix
Holdings
Withdrawn status Lost status Source of classification or shelving scheme Damaged status Home library Current library Shelving location Date acquired Total Checkouts Full call number Barcode Date last seen Copy number Price effective from Koha item type
    Library of Congress Classification   Luxembourg Library Luxembourg Library Teachers Reference Section 07/22/2013   PE 1408 .D595 1997 3189 08/13/2013 1 07/22/2013 Books

The ready refernces handbook /

APA

Dodds J., . (1997). The ready refernces handbook. London: Allyn & Bacon.

Chicago

Dodds Jack, . 1997. The ready refernces handbook. London: Allyn & Bacon.

Harvard

Dodds J., . (1997). The ready refernces handbook. London: Allyn & Bacon.

MLA

Dodds Jack, . The ready refernces handbook. London: Allyn & Bacon. 1997.

  • Place hold
  • Print
  • Cite
  • Add to your cart (remove)
  • Save record
    BIBTEX Dublin Core MARCXML MARC (non-Unicode/MARC-8) MARC (Unicode/UTF-8) MARC (Unicode/UTF-8, Standard) MODS (XML) RIS
  • More searches
    Search for this title in:
    Other Libraries (WorldCat) Other Databases (Google Scholar) Online Stores (Bookfinder.com) Open Library (openlibrary.org)

Exporting to Dublin Core...

SOUTHVILLE LIBRARY

Southville International School and Colleges Library

1281 Tropical Ave. Cor. Luxembourg St., BF Homes International, Las Pinas City

Tel. No. 8256374 / 252358 Loc. 117/146

Powered by Koha